Culture Générale - Série 159 - Statistiques

Statistiques générales
  • Ce quiz a été pris 351 fois
  • Le résultat moyen est 6 sur 10
Statistiques - réponses
Question Réponse % Correct
Selon la mythologie grecque, sur quel mont vivaient Zeus et d'autres dieux ? Mont Olympe
89%
Quel héros des "Mille et Une Nuits" dit la formule : "Sésame, ouvre-toi" ? Ali Baba
85%
En argot, que désignent les fouilles ? Poches
78%
Quelle ville a Jean-Claude Gaudin pour maire depuis 1995 ? Marseille
71%
A quelle star de la pop anglaise doit-on "I'm still standing" en 1983 ? Elton John
64%
A quel peintre néerlandais doit-on "La Laitière" et "La Dentellière" ? Johannes Vermeer
60%
Quel est le nom du grand et méchant vizir ennemi d'Aladdin ? Jafar
58%
De quel sport Fabrice Tiozzo est-il sacré champion du monde en 2004 ? Boxe
54%
Sous quel nom religieux est plus connu Lhamo Dhondrub, alias Tenzin Gyatso ? Dalaï-lama
50%
Quelle chanson de Piaf Paco reprend-il en 1988 dans "Amor de mis amores" ? La Foule
31%
Aucun quiz correspondant
Distribution des résultats
% des personnes avec chaque résultat
Percentile par nombre de réponses
Votre historique - résultats
Vous n’avez pas pris ce quiz